000 01378cad a22002055a 4500
001 L156618
008 120612e2012 xxk 000 0 eng d
035 _a(Sirsi) u156618
041 0 _aeng
110 2 _aHomes and Communities Agency
_95688
245 0 0 _aNational Housing Statistics
_b2011-12
_h[electronic resource]
260 _c2012
490 _aHomes and Communities Agency National Housing Statistics
_v2011-12 12 June 2012
520 _aThere were 19 967 housing starts and 59 451 housing completions delivered through various programmes managed by the Homes and Communities Agency (HCA) for the financial year ending 31 March 2012. The programmes include the Accelerated Land Disposal, 2011-15 Affordable Homes, Economic Assets, FirstBuy, Kick Start Housing Delivery, Local Authority New Build, Mortgage Rescue, National Affordable Housing and Property and Regeneration. The HCA exceeded its target of 35 000 completions of affordable homes for 2011-12 and is a significant component of the Government's aim to deliver up to 170 000 affordable homes between 2011 and 2015.
590 _aKA NTK
651 4 _aEngland
_y886-
690 _aResidential property
_96266
856 4 0 _uhttps://www.homesandcommunities.co.uk/sites/default/files/aboutus/national_housing_statistics_june_2012.pdf
_zView this item free of charge at www.homesandcommunities.co.uk
942 _n0
999 _c84095
_d84095